Hindu-koh (Record no. 1079685)

MARC details
000 -LEADER
fixed length control field 00773nam a2200277Ia 4500
003 - CONTROL NUMBER IDENTIFIER
control field OSt
005 - DATE AND TIME OF LATEST TRANSACTION
control field 20221006144409.0
008 - FIXED-LENGTH DATA ELEMENTS--GENERAL INFORMATION
fixed length control field 221006b |||||||| |||| 00| 0 eng d
020 ## - INTERNATIONAL STANDARD BOOK NUMBER
International Standard Book Number 8120608518
020 ## - INTERNATIONAL STANDARD BOOK NUMBER
International Standard Book Number 9788120608511
037 ## - SOURCE OF ACQUISITION
Terms of availability Textual
040 ## - CATALOGING SOURCE
Original cataloging agency EASL
Transcribing agency EASL
Language of cataloging eng
041 ## - LANGUAGE CODE
Source of code eng
Language code of text/sound track or separate title eng
100 ## - MAIN ENTRY--PERSONAL NAME
Personal name MACINTYRE Donald
9 (RLIN) 642649
245 #0 - TITLE STATEMENT
Title Hindu-koh
Remainder of title wanderings and wild sport on and beyond the Himalayas
260 ## - PUBLICATION, DISTRIBUTION, ETC.
Place of publication, distribution, etc. New Delhi
Name of publisher, distributor, etc. Asian Educational Services India
Date of publication, distribution, etc. 1993
300 ## - PHYSICAL DESCRIPTION
Extent 464p.
Dimensions cm.
490 ## - SERIES STATEMENT
Volume/sequential designation Gen
650 ## - SUBJECT ADDED ENTRY--TOPICAL TERM
Topical term or geographic name entry element Gen
942 ## - ADDED ENTRY ELEMENTS (KOHA)
Classification part U8.4497.M, N3
Koha item type Textual
Source of classification or shelving scheme Colon Classification (CC)

No items available.

Copyright @ Delhi University Library System